Rock and Metal songs by first lyric - Statistics

General Stats
  • This quiz has been taken 129 times
  • The average score is 8 of 20
Answer Stats
First Line Song % Correct
There is a house in New Orleans The house of the rising sun
77%
On a dark desert highway Hotel California
71%
She's got a smile that it seems to me Sweet Child O' mine
69%
Say your prayers little one Enter Sandman
57%
I'm the man in the box Man in the box
57%
There's a lady who's sure all that glitters is gold Stairway to Heaven
57%
Finished with my women cause' she couldn't help me with my mind Paranoid
47%
Hear the drums echoing tonight Africa
43%
You get a shiver in the dark it's raining in the park but meantime Sultans of Swing
41%
Some folks are born made to wave the flag Fortunate son
40%
End of passion play, crumbling away Master of puppets
40%
Listen to the wind blow watch the sun rise The Chain
39%
Hello, hello is there anybody in there Comfortably numb
38%
So, so you think you can tell Wish you were here
35%
freezin' rests his head on a pillow made of concrete again Even Flow
24%
Here comes Johnny singing oldies' goldies' Walk of life
22%
Ticking away the moments that make up a dull day Time
21%
Now here you go again you say you want your freedom Dreams
20%
What'll you do when you get lonely Layla
17%
Turn your radios on, I'll appear right there On fire
2%
No matching quizzes found
Score Distribution
Percent of People with Each Score
Percentile by Number Answered
Your Score History
You have not taken this quiz